000 01911cam a2200481 a 4500
003 PE-LiUPU
005 20250731172926.0
008 820628s1982 pau rb 000 0 eng
020 _a081700971X
_q(pbk.)
020 _a9780817009717
_q(pbk.)
035 _a(Sirsi) i9780817009717
040 _aDLC
_bspa
_cDLC
_dBAKER
_dAUW
_dYDXCP
_dOCLCO
_dOCLCF
_dOCLCQ
_dPE-LiUPU
_erda
050 4 _aBV4438
_b.L46 1982
082 0 _a259
_bL45
_219
100 1 _aLeonard, Joe H.,
_eautor.
245 1 0 _aPlanning family ministry :
_ba guide for a teaching church /
_cJoe Leonard, Jr.
264 1 _aValley Forge, Pensilvania. :
_bJudson Press,
_c1982.
300 _a63 páginas ;
_c22 centímetros
336 _atext
_2rdacontent
337 _aunmediated
_2rdamedia
338 _avolume
_2rdacarrier
504 _aBibliografía : páginas 61-63.
505 _aThe tasks of family ministry -- The content and skill areas of family ministry -- The biblical foundation of family ministry -- Changin families and family ministry -- Steps to planning family ministries -- Toward a comprehensive family ministry.
526 _aSEG42
526 _aSEG41
526 _aSEG40
526 _aSEG39
526 _aP94
526 _aP87
526 _aP86
526 _aP85
526 _aP77
526 _aP76
526 _aP35
650 0 _aTrabajo de la Iglesia con las familias.
910 _aebj
_bebj
_cjck
_d20170510
942 _2ddc
_cBOOK
949 _a259 L45
_wDEWEY
_c1
_i75933
_lCCODEBUL1
_mBUL
_p03.00
_r0
_sY
_tBOOK
_u2017-05-10
_xPOSGRADO
_PP85
_0DONACION
_o.STAFF. Colección General
994 _aC0
_bPEPRU
596 _a1
999 _a259 L45
_wDEWEY
_c20342
_i75933
_f2021-11-10
_g4
_lCCODEBUL1
_mBUL
_p3.00
_r0
_sY
_tBOOK
_u2017-5-10
_xTEOLOGIA
_PP85
_0DONACION
_o.STAFF. Colección General
_d20342
980 _81
_gALBERTO SANCHEZ Responsable de Automatización